| 000 | 00622nam a22001937a 4500 | ||
|---|---|---|---|
| 008 | 160928b xxu||||| |||| 00| 0 eng d | ||
| 020 | _a0471291129 | ||
| 020 | _a9780471291121 | ||
| 050 |
_aG 128 _b.D42 1997 |
||
| 100 | _aDe Blij, H. J. | ||
| 245 |
_aGeography : _brealms, regions and concepts/ _cH.J.De Blij and Peter O. Muller. |
||
| 250 | _a8th ed. | ||
| 260 |
_aNew York : _bJohn Wiley & Sons ; _c1997. |
||
| 300 |
_axxvii, 539p. : _bill. ; _c27cm. |
||
| 500 | _aIncludes bibliography and index. | ||
| 650 | _aGeography. | ||
| 700 | _aMuller, Peter O. | ||
| 942 |
_2lcc _cBOOKS _hG 128 .D42 1997 _02 |
||
| 999 |
_c14240 _d14240 |
||